LIBRARY ONLINE CATALOGUE

Introduction to econometrics. (Record no. 18934)

MARC details
000 -LEADER
fixed length control field 00588nam a22002292 4500
001 - CONTROL NUMBER
control field 0000001391
003 - CONTROL NUMBER IDENTIFIER
control field OSt
005 - DATE AND TIME OF LATEST TRANSACTION
control field 20210520105834.0
008 - FIXED-LENGTH DATA ELEMENTS--GENERAL INFORMATION
fixed length control field 070307s xx 000 0 eng d
020 ## - INTERNATIONAL STANDARD BOOK NUMBER
International Standard Book Number 0199676828
Terms of availability KES 6,260
040 ## - CATALOGING SOURCE
Original cataloging agency KABU
Transcribing agency KABU
050 #0 - LIBRARY OF CONGRESS CALL NUMBER
Classification number HB139
Item number .D68 2016
100 1# - MAIN ENTRY--PERSONAL NAME
Personal name Dougherty, Christopher.
245 10 - TITLE STATEMENT
Title Introduction to econometrics.
250 ## - EDITION STATEMENT
Edition statement 5th ed.
260 ## - PUBLICATION, DISTRIBUTION, ETC. (IMPRINT)
Place of publication, distribution, etc. Oxford :
Name of publisher, distributor, etc. OUP,
Date of publication, distribution, etc. 2016
300 ## - PHYSICAL DESCRIPTION
Extent xvii, 590p.
650 #0 - SUBJECT ADDED ENTRY--TOPICAL TERM
Topical term or geographic name as entry element Econometrics.
908 ## - PUT COMMAND PARAMETER (RLIN)
Put command parameter 070307
942 ## - ADDED ENTRY ELEMENTS (KOHA)
Source of classification or shelving scheme Library of Congress Classification
Koha item type General Collection
Holdings
Withdrawn status Lost status Source of classification or shelving scheme Not for loan Home library Current library Date acquired Cost, normal purchase price Total Checkouts Full call number Barcode Date last seen Date last checked out Price effective from Koha item type
    Library of Congress Classification   Kabarak, Main Campus Kabarak, Main Campus 20/05/2021 6260.00 1 HB139 .D68 2016 c.1 032892 02/08/2024 01/11/2021 20/05/2021 General Collection
    Library of Congress Classification   Kabarak, Main Campus Kabarak, Main Campus 20/05/2021 6260.00 10 HB139 .D68 2016 c.2 032893 02/08/2024 14/04/2022 20/05/2021 General Collection
    Library of Congress Classification   Kabarak, Nakuru City Campus Kabarak, Main Campus 20/05/2021 6260.00 1 HB139 .D68 2016 c.1 032894 22/11/2021 12/11/2021 20/05/2021 General Collection